[Event "New Delhi Matrix Cup 4th"]
[Site "New Delhi"]
[Date "2025.01.07"]
[Round "9"]
[White "Sharma, Harish1"]
[Black "Sameer, Choudhary"]
[Result "1-0"]
[WhiteElo "1903"]
[BlackElo "1774"]
[PlyCount "128"]
[EventDate "2025.01.03"]
[EventType "swiss"]
[EventRounds "9"]
[EventCountry "IND"]
[SourceTitle "CB03_2025"]
[SourceDate "2025.01.15"]
[SourceVersion "1"]
[SourceVersionDate "2025.01.15"]
[SourceQuality "1"]

1. e4 c5 2. Nf3 Nc6 3. d4 cxd4 4. Nxd4 Nf6 5. Nc3 e5 6. Ndb5 d6 7. Bg5 a6 8. Bxf6 gxf6 9. Na3 b5 10. Nd5 Bg7 11. c3 f5 12. exf5 Bxf5 13. Nc2 0-0 14. Nce3 Be6 15. Qh5 f5 16. Bd3 e4 17. Bc2 Ne7 18. Rd1 b4 19. cxb4 Nxd5 20. Nxd5 Bxb2 21. 0-0 Kh8 22. Nf4 Rf6 23. Nxe6 Rxe6 24. Qxf5 Qe7 25. Rfe1 Rf8 26. Qd5 e3 27. fxe3 Rxe3 28. Rxe3 Qxe3+ 29. Kh1 Be5 30. Qe4 Qh6 31. h3 Qg7 32. Rb1 Rf4 33. Qe1 Qf6 34. Bd3 Rd4 35. Qe3 Qh4 36. a3 Rg4 37. Rc1 Rg8 38. Rc7 Rf8 39. Bxa6 Qh5 40. Be2 Qh4 41. Bd3 Qh5 42. g4 Bf4 43. Qf3 Qe5 44. Qe4 Qxe4+ 45. Bxe4 d5 46. Rxh7+ Kg8 47. Re7 dxe4 48. Rxe4 Bc1 49. a4 Bd2 50. Kg2 Rb8 51. b5 Kg7 52. h4 Ba5 53. Kf3 Kf6 54. g5+ Kf7 55. Kg4 Rd8 56. h5 Rd1 57. Kf5 Rd5+ 58. Re5 Rd1 59. g6+ Kg7 60. Re7+ Kg8 61. h6 Rf1+ 62. Ke6 Re1+ 63. Kd7 Re3 64. Re6 Rxe6 1-0

[Event "New Delhi Matrix Cup 4th"]
[Site "New Delhi"]
[Date "2025.01.05"]
[Round "5"]
[White "Prakash, Ram"]
[Black "Sameer, Choudhary"]
[Result "1/2-1/2"]
[WhiteElo "1927"]
[BlackElo "1774"]
[PlyCount "77"]
[EventDate "2025.01.03"]
[EventType "swiss"]
[EventRounds "9"]
[EventCountry "IND"]
[SourceTitle "CB03_2025"]
[SourceDate "2025.01.15"]
[SourceVersion "1"]
[SourceVersionDate "2025.01.15"]
[SourceQuality "1"]

1. e4 c5 2. c3 Nf6 3. e5 Nd5 4. d4 cxd4 5. cxd4 d6 6. Nf3 Nc6 7. Bc4 dxe5 8. Nxe5 e6 9. 0-0 Bd6 10. Nf3 0-0 11. Re1 h6 12. a3 Nce7 13. Nbd2 Bd7 14. g3 Rc8 15. Bf1 Bc6 16. Ne4 Bb8 17. Bd2 Nf5 18. Bg2 Nde3 19. fxe3 Bxe4 20. Bc3 Qd5 21. Qe2 Rfd8 22. Rad1 a6 23. Nd2 Bxg2 24. Qxg2 Qxg2+ 25. Kxg2 Nd6 26. Kf3 Ba7 27. Rc1 Nc4 28. Nxc4 Rxc4 29. Bd2 Rdc8 30. Rxc4 Rxc4 31. Ke2 Kf8 32. Rf1 Ke8 33. Kd3 Rc6 34. Bc3 Rd6 35. Bb4 Rd5 36. Rc1 Kd7 37. Rf1 Ke8 38. Rc1 Kd7 39. Rf1 1/2-1/2

[Event "Bhilwara op"]
[Site "Bhilwara"]
[Date "2024.12.26"]
[Round "5"]
[White "Sameer, Choudhary"]
[Black "Jakar, Akhilesh"]
[Result "1-0"]
[WhiteElo "1789"]
[BlackElo "1579"]
[PlyCount "65"]
[EventDate "2024.12.24"]
[EventType "swiss"]
[EventRounds "9"]
[EventCountry "IND"]
[SourceTitle "CB02_2025"]
[SourceDate "2025.01.08"]
[SourceVersion "1"]
[SourceVersionDate "2025.01.08"]
[SourceQuality "1"]

1. d4 Nf6 2. c4 d5 3. cxd5 Nxd5 4. Nf3 g6 5. e4 Nb6 6. h3 Bg7 7. Be2 c6 8. 0-0 0-0 9. Nc3 Re8 10. Be3 h6 11. Qd2 Kh7 12. Rfd1 e6 13. h4 N8d7 14. Rac1 Nf8 15. Bf4 f5 16. Qe3 fxe4 17. Qxe4 Nd5 18. Be5 Qe7 19. h5 Nf6 20. hxg6+ Nxg6 21. Qc2 Ng4 22. Bd3 Qf7 23. Nh4 N4xe5 24. dxe5 Qf4 25. Bxg6+ Kg8 26. g3 Qf8 27. Bh7+ Kf7 28. Qg6+ Ke7 29. Qh5 Bd7 30. Ng6+ Kd8 31. Nxf8 Rxf8 32. Qg6 Bxe5 33. Qxe6 1-0

[Event "New Delhi Skillcraft op 1st"]
[Site "New Delhi"]
[Date "2024.11.19"]
[Round "7"]
[White "Sameer, Choudhary"]
[Black "Kishan, Kumar"]
[Result "0-1"]
[WhiteElo "1768"]
[BlackElo "1958"]
[PlyCount "52"]
[EventDate "2024.11.16"]
[EventType "swiss"]
[EventRounds "9"]
[EventCountry "IND"]
[SourceTitle "CB47_2024"]
[SourceDate "2024.11.20"]
[SourceVersion "1"]
[SourceVersionDate "2024.11.20"]
[SourceQuality "1"]

1. d4 Nf6 2. c4 e6 3. Nf3 d5 4. g3 Be7 5. Bg2 0-0 6. 0-0 c6 7. Qc2 b6 8. Nbd2 Bb7 9. e4 Na6 10. a3 c5 11. cxd5 exd5 12. e5 Nd7 13. Re1 Nc7 14. dxc5 bxc5 15. b3 Ne6 16. Bb2 Rb8 17. Nf1 d4 18. Rad1 Qc7 19. N1d2 Rfc8 20. Qd3 Bc6 21. Nc4 Nb6 22. Ncd2 a5 23. Rb1 a4 24. Rec1 axb3 25. Qxb3 Na4 26. Qc2 d3 0-1

[Event "Manikyanagar Chanchal Dad Memorial"]
[Site "Manikyanagar"]
[Date "2024.07.25"]
[Round "3"]
[White "Arshpreet, Singh"]
[Black "Sameer, Choudhary"]
[Result "1-0"]
[WhiteElo "1970"]
[BlackElo "1671"]
[PlyCount "91"]
[EventDate "2024.07.24"]
[EventType "swiss"]
[EventRounds "9"]
[EventCountry "IND"]
[SourceTitle "EXT 2025"]
[Source "ChessBase"]
[SourceDate "2024.10.14"]
[SourceVersion "1"]
[SourceVersionDate "2024.10.14"]
[SourceQuality "1"]

1. e4 c5 2. c3 Nf6 3. e5 Nd5 4. Nf3 d6 5. exd6 e6 6. d4 cxd4 7. Nxd4 Bxd6 8. g3 Nc6 9. Bg2 Nxd4 10. Qxd4 0-0 11. 0-0 Qc7 12. Rd1 Be7 13. Nd2 Bd7 14. Qc4 Qb6 15. Qe2 Bc6 16. Nb3 Rfd8 17. c4 Qa6 18. Nd4 Nb4 19. Be3 Bxg2 20. Kxg2 Bf6 21. a3 Nc6 22. Nb5 Ne5 23. f3 Qc6 24. b3 b6 25. Bd4 Ng4 26. Bxf6 Rxd1 27. Rxd1 Nxf6 28. Nxa7 Qc5 29. Nb5 h5 30. b4 Qc6 31. Rd6 Qb7 32. Qd2 h4 33. Qf4 e5 34. Qxh4 e4 35. fxe4 Nxe4 36. Rd8+ Rxd8 37. Qxd8+ Kh7 38. Qh4+ Kg6 39. Kg1 Ng5 40. Nd4 Qe7 41. Kg2 Qb7+ 42. Kg1 Qe7 43. Kf2 Qf6+ 44. Ke2 Qe5+ 45. Kd3 Qe1 46. Qxg5+ 1-0